000 00572nam a2200181Ia 4500
008 100920s9999 xx 000 0 und d
082 _b70900
_a891.43 थ 98
100 _aकदम जयप्रकाश.
245 _aबुध्द का सफर.
260 _bसंगीता प्रकाशन, दिल्ली.
_c1998
300 _a45
_bसाधी
365 _b30
520 _aहिंदी.
630 _aबुध्द का सफर.
650 _aहिंदी.
730 _aबुध्द का सफर.
942 _cBOOK
999 _c712861
_d712858